000 00587nam a22002297a 4500
999 _c377552
_d377552
001 91271
003 UA-OsUOA
005 20191219112030.0
007 ta
008 20121126b un ||||| |||| 00| 0 ukr d
040 _aUA-OsUOA
_brus
_cUA-OsUOA
_dUA-OsUOA
041 _arus
080 _a821.161.2
090 _a821.161.2
_bС76
100 _aСтаднюк И.
245 _aВойна
_bроман
260 _aМ.
_bВоениздат
_c1987
300 _a671 с.
650 7 _a82 Література. Літературознавство
_2UDC
942 _cBK
_2udc
955 _a3